Normal view
MARC view
- BUDHU,MUNIRAM
Entry Personal Name
001 - CONTROL NUMBER
- control field: 90725
003 - CONTROL NUMBER IDENTIFIER
- control field: NUST
005 - DATE AND TIME OF LATEST TRANSACTION
- control field: 20220329133317.0
008 - FIXED-LENGTH DATA ELEMENTS
- fixed length control field: 220329|| aca||aabn | a|a d
040 ## - CATALOGING SOURCE
- Original cataloging agency: NUST
- Transcribing agency: NUST
100 ## - HEADING--PERSONAL NAME
- Personal name: BUDHU,MUNIRAM
670 ## - SOURCE DATA FOUND
- Source citation: Work cat.: (NUST): BUDHU,MUNIRAM., SOIL MECHANICS AND FOUNDATION /, 2011.
